De quel film sont tirées ces répliques ? 1 - Statistiques

Statistiques générales
  • Ce quiz a été pris 893 fois
  • Le résultat moyen est 10 sur 20
Statistiques - réponses
Hint Réponse % Correct
Que la Force soit avec toi La guerre des étoiles
95%
La vie, c'est comme une boîte de chocolats : on ne sait jamais sur quoi on va tomber Forrest Gump
91%
Messire, messire, un sarrasin dans une charriote du diable ! Les Visiteurs
89%
Toi et moi on peut pas tout miser sur notre physique. Surtout toi. Les Bronzés font du ski
73%
Je fais une fête chez moi ce soir. Ca te dirais de... de pas venir ? Brice de Nice
67%
Tu vois, le monde se divise en deux catégories, ceux qui ont un pistolet chargé et ceux qui creusent. Toi, tu creuses Le bon, la brute et le truand
64%
Ecoutez Thérèse. Je n'aime pas dire du mal mais effectivement elle est gentille Le Père Noël est une ordure
64%
Il a une bonne tête de vainqueur. Le diner de cons
59%
Adrieeeeeeeeenne ! Rocky
57%
J'aime l'odeur du napalm au petit matin. Ca sent la victoire. Apocalypse now
56%
Le coeur d'une femme est un océan de secret Titanic
48%
Pourquoi les personnes en couple demandent toujours aux célibataires comment vont les amours, est-ce que nous on leur saute dessus pour savoir s'ils baisent encore ? Le journal de Bridget Jones
36%
Les cons ça ose tout. C’est même à ça qu’on les reconnait Les Tontons flingueurs
34%
Ca fait trois fois qu'il est mort ton chien ! Oui, mais il a beaucoup souffert ! La cité de la peur
33%
Mais je ne suis absolument pas homophobe ! Fais chier ce pédé ! Le placard
21%
Quand on parle pognon, à partir d’un certain chiffre, tout le monde écoute. Le Pacha
20%
Ce que vous êtes belle georgette, quand vous rougissez. _ C'est mon aérophagie. Le fabuleux destin d'Amélie Poulain
19%
J'adore ces petits moments de calme avant la tempête Léon
15%
J'ai les dents qui poussent. Marche à l'ombre
14%
Il a été attaqué par un requin dans une cabine téléphonique Le Magnifique
11%
Aucun quiz correspondant
Distribution des résultats
% des personnes avec chaque résultat
Percentile par nombre de réponses
Votre historique - résultats
Vous n’avez pas pris ce quiz